Working with a secretary : (Record no. 2902)

000 -LEADER
fixed length control field nam a22 a 4500
003 - CONTROL NUMBER IDENTIFIER
control field AKMAL
005 - DATE AND TIME OF LATEST TRANSACTION
control field 20170518151341.0
008 - FIXED-LENGTH DATA ELEMENTS--GENERAL INFORMATION
fixed length control field 170518s1994 my 00 eng d
020 ## - INTERNATIONAL STANDARD BOOK NUMBER
International Standard Book Number 9679785017 (pbk.) :
Terms of availability RM 19.90
040 ## - CATALOGING SOURCE
Original cataloging agency AKMAL
Transcribing agency AKMAL
082 04 - DEWEY DECIMAL CLASSIFICATION NUMBER
Classification number 651.3741 ALL
090 00 - LOCALLY ASSIGNED LC-TYPE CALL NUMBER (OCLC); LOCAL CALL NUMBER (RLIN)
Classification number (OCLC) (R) ; Classification number, CALL (RLIN) (NR) 651.3741
Local cutter number (OCLC) ; Book number/undivided call number, CALL (RLIN) ALL
100 1# - MAIN ENTRY--PERSONAL NAME
Personal name Allcock, Debra
9 (RLIN) 5767
245 10 - TITLE STATEMENT
Title Working with a secretary :
Remainder of title a manager's guide /
Statement of responsibility, etc. Debra Allcock
260 ## - PUBLICATION, DISTRIBUTION, ETC.
Place of publication, distribution, etc. Petaling Jaya :
Name of publisher, distributor, etc. Pelanduk Publications,
Date of publication, distribution, etc. 1994
300 ## - PHYSICAL DESCRIPTION
Extent 84p. :
Other physical details ill. ;
Dimensions 22cm.
650 ## - SUBJECT ADDED ENTRY--TOPICAL TERM
Topical term or geographic name entry element Secretaries
9 (RLIN) 6092
650 ## - SUBJECT ADDED ENTRY--TOPICAL TERM
Topical term or geographic name entry element Office management
9 (RLIN) 5910
650 ## - SUBJECT ADDED ENTRY--TOPICAL TERM
Topical term or geographic name entry element Office practice
9 (RLIN) 5898
942 ## - ADDED ENTRY ELEMENTS (KOHA)
Source of classification or shelving scheme
Koha item type Book
Holdings
Withdrawn status Lost status Source of classification or shelving scheme Damaged status Not for loan Collection code Home library Current library Shelving location Date acquired Inventory number Total Checkouts Full call number Barcode Date last seen Price effective from Koha item type
          NON-FICTION AKMAL Melaka AKMAL Melaka PINJAMAN 18.05.2017 001662   651.3741 ALL 201703301 18.05.2017 18.05.2017 Book
          NON-FICTION AKMAL Melaka AKMAL Melaka PINJAMAN 18.05.2017 001666   651.3741 ALL 201703289 18.05.2017 18.05.2017 Book
          NON-FICTION AKMAL Melaka AKMAL Melaka PINJAMAN 18.05.2017 001663   651.3741 ALL 201703290 18.05.2017 18.05.2017 Book
          NON-FICTION AKMAL Melaka AKMAL Melaka PINJAMAN 18.05.2017 001665   651.3741 ALL 201704035 18.05.2017 18.05.2017 Book
          NON-FICTION AKMAL Melaka AKMAL Melaka PINJAMAN 18.05.2017 001664   651.3741 ALL 201703291 18.05.2017 18.05.2017 Book
Pusat Sumber Maklumat Dato' Haji Sarmin Md Hussin, Akademi Kastam Diraja Malaysia, Melaka
Tel: 06-2331106 | Faks: 06-2313787